00688nam a2200193 i 4500001000300000245007600003250003700079260003600116300002600152650005100178650004700229700002900276020001500305040000800320041000700328080002000335008004100355856009800396bg00aPrawo administracyjne :bzbiór przepisów, orzecznictwo, literatura. aStan prawny na 1 grudnia 2000 r. aKraków :b"Zakamycze",c2001. a577, [1] s. ;c24 cm. 9aPrawo administracyjnezPolskaystan na 2000 r. 9aPrawo państwowezPolskaystan na 2000 r.1 aDĄBEK, Dorota.eOprac. a8388551388 cBPK0 apl a342(438)(094.4) s pl f |000 0 pol  uhttp://koha.tu.koszalin.pl/cgi-bin/koha/opac-detail.pl?biblionumber=38955yKatalog online BPK